Countries with the Longest Names - Statistics

General Stats
  • This quiz has been taken 142 times
  • The average score is 12 of 17
Answer Stats
Letters Country % Correct
17 Trinidad and Tobago
87%
18 Saint Kitts and Nevis
83%
28 Democratic Republic of the Congo
82%
28 Saint Vincent and the Grenadines
81%
27 Federated States of Micronesia
80%
17 Dominican Republic
79%
18 Republic of the Congo
75%
17 Antigua and Barbuda
74%
18 United Arab Emirates
69%
15 Marshall Islands
68%
14 Papua New Guinea
65%
14 Solomon Islands
65%
22 Central African Republic
61%
18 São Tomé and Príncipe
61%
20 Bosnia and Herzegovina
56%
16 Equatorial Guinea
44%
14 North Macedonia
43%
No matching quizzes found
Score Distribution
Percent of People with Each Score
Percentile by Number Answered
Your Score History
You have not taken this quiz